Why Europe Grew Rich and Asia Did Not: Global Economic Divergence, 1600-1850 / (Record no. 32195)

000 -LEADER
fixed length control field 00550 a2200181 4500
003 - CONTROL NUMBER IDENTIFIER
control field OSt
005 - DATE AND TIME OF LATEST TRANSACTION
control field 20260220150025.0
008 - FIXED-LENGTH DATA ELEMENTS--GENERAL INFORMATION
fixed length control field 260220b ||||| |||| 00| 0 eng d
020 ## - INTERNATIONAL STANDARD BOOK NUMBER
International Standard Book Number 9780521168243
040 ## - CATALOGING SOURCE
Transcribing agency .
082 ## - DEWEY DECIMAL CLASSIFICATION NUMBER
Classification number 330.9402
Item number P2732
100 ## - MAIN ENTRY--PERSONAL NAME
9 (RLIN) 6670
Personal name Parthasarathi, Prasannan
245 ## - TITLE STATEMENT
Title Why Europe Grew Rich and Asia Did Not: Global Economic Divergence, 1600-1850 /
Statement of responsibility, etc. Prasannan Parthasarathi
260 ## - PUBLICATION, DISTRIBUTION, ETC.
Name of publisher, distributor, etc. Cambridge University Press,
Place of publication, distribution, etc. New York :
Date of publication, distribution, etc. 2011.
300 ## - PHYSICAL DESCRIPTION
Extent 365 p.
650 #0 - SUBJECT ADDED ENTRY--TOPICAL TERM
9 (RLIN) 4850
Topical term or geographic name entry element Economic History
942 ## - ADDED ENTRY ELEMENTS (KOHA)
Source of classification or shelving scheme
Koha item type Books
Holdings
Withdrawn status Lost status Source of classification or shelving scheme Damaged status Not for loan Collection code Permanent Location Current Location Shelving location Date acquired Source of acquisition Cost, normal purchase price Full call number Barcode Date last seen Cost, replacement price Price effective from Koha item type
          Non-fiction IMU Kolkata IMU Kolkata Reference 2026-03-17 30 2108.62 330.9402 P2732 14907 2026-03-17 3347.02 2026-03-17 Books
Designed and Maintained by IMU-KC Library, Kolkata Campus © Copyright All Rights Reserved

webs counters

Powered by Koha